Which tenancy? (Record no. 76488)
[ view plain ]
| 000 -LEADER | |
|---|---|
| fixed length control field | 01166cab a2200217 4500 |
| 001 - CONTROL NUMBER | |
| control field | ##L132550 |
| 008 - FIXED-LENGTH DATA ELEMENTS--GENERAL INFORMATION | |
| fixed length control field | 060217n2006 000 0 eng u |
| 035 ## - SYSTEM CONTROL NUMBER | |
| System control number | (Sirsi) u132550 |
| 041 0# - LANGUAGE CODE | |
| Language code of text/sound track or separate title | eng |
| 100 1# - MAIN ENTRY--PERSONAL NAME | |
| Personal name | Hopkins, Phillip |
| 245 00 - TITLE STATEMENT | |
| Title | Which tenancy? |
| Remainder of title | periodic or renewed fixed term tenancies |
| 260 ## - PUBLICATION, DISTRIBUTION, ETC. | |
| Date of publication, distribution, etc. | 2006 |
| 490 #0 - SERIES STATEMENT | |
| Series statement | Letting Update Journal |
| Volume/sequential designation | 13(4) January 2006, 28-29(2) |
| 520 ## - SUMMARY, ETC. | |
| Summary, etc. | Discusses the advantages and disadvantages of renewed fixed term tenancies vis-à-vis periodic tenancies. Looks at the options open to a landlord to extend a fixed term tenancy at the end of the initial fixed term and covers the renewal provisions, rent increase, renewal with new fixed term, the drafting fee and rent guarantees. Examines statutory periodic tenancies which can arise if the landlord does nothing at the end of the original fixed term. Describes two situations which favour the use of periodic tenancies. |
| 590 ## - LOCAL NOTE (RLIN) | |
| Local note | IKA280206 |
| 650 24 - SUBJECT ADDED ENTRY--TOPICAL TERM | |
| Topical term or geographic name entry element | HOUSING ACT 1988 S20 |
| 650 24 - SUBJECT ADDED ENTRY--TOPICAL TERM | |
| Topical term or geographic name entry element | HOUSING ACT 1988 S5 |
| 650 24 - SUBJECT ADDED ENTRY--TOPICAL TERM | |
| Topical term or geographic name entry element | HOUSING ACT 1996 |
| 690 ## - LOCAL SUBJECT ADDED ENTRY--TOPICAL TERM (OCLC, RLIN) | |
| Topical term or geographic name as entry element | PROPERTY-RESIDENTIAL PROPERTY-RESIDENTIAL LANDLORD AND TENANT-RESIDENTIAL TENANCIES |
| 942 ## - ADDED ENTRY ELEMENTS (KOHA) | |
| Suppress in OPAC | 0 |
| Withdrawn status | Lost status | Source of classification or shelving scheme | Damaged status | Not for loan | Home library | Current library | Shelving location | Date acquired | Total Checkouts | Full call number | Barcode | Date last seen | Copy number | Price effective from | Koha item type |
|---|---|---|---|---|---|---|---|---|---|---|---|---|---|---|---|
| Dewey Decimal Classification | London | London | Journal article | 17/02/2006 | L132550 | 132550-1001 | 06/08/2019 | 1 | 06/08/2019 | Journal article |